• 首页
  • 本馆介绍
  • 公告通知
  • 最新文献
  • 馆藏检索
  • 电子资源
  • 读者导购
  • 参考咨询
  • 我的图书馆
  • 登录
  • 详细信息显示
  • 放入我的书架
  • 预约/预借图书
  • 作者相关作品
  • 分类相关作品
  • 丛书相关作品
  • 出版社相关作品

书目信息

  • 表格格式
  • 工作单格式
  • 卡片格式
题名:
隋唐五代史论集
    
 
作者: 韩国磐 著
分册:  
出版信息: 北京   三联书店  1970.10
页数: 465页
开本: 20cm
丛书名:
单 册:
中图分类: K240.7
科图分类:
主题词: 中国--古代史料
电子资源:
ISBN:
000 00551nam0 2200205 45
001 0312221749
005 20041111103949.5
010    @dCNY1.50
091    @a11002.527
100    @a20031222d1970 km y0chiy0120 ea
101    @achi
105    @a z 000yy
200 1  @a隋唐五代史论集@ASui Tang Wu Dai Shi Lun Ji@f韩国磐著@FHan Guo Pan Zhu
210    @a北京@c三联书店@d1970.10
215    @a465页@d20cm
606 0  @a中国@x古代史料
690    @aK240.7@v3
701 0  @a韩国磐@4著
801    @aCN@bTSTCL@c20031222
905    @dK240.7@e3@f1@b66293@b66297@f1
    
    隋唐五代史论集/韩国磐著.-北京:三联书店,1970.10
    465页;20cm
    
    
    ISBN :CNY1.50
    
●
相关链接 在E读中查询图书 在五车中查询图书 在当当中查询图书 在豆瓣中查询图书


正题名:隋唐五代史论集     索取号:K240.7/3         预约/预借

序号 登录号 条形码 馆藏地/架位号 状态 备注
1 0066289   001535501   密集书库/ [索取号:K240.7/3] 在馆    
2 0066290   001535510   密集书库/ [索取号:K240.7/3] 在馆    
3 0066291   001535468   密集书库/ [索取号:K240.7/3] 在馆    
4 0066292   001535422   密集书库/ [索取号:K240.7/3] 在馆    
5 0066293   000639599   第二样本阅览室/ [索取号:K240.7/3] 在馆    
6 0066294   001888844   密集书库/ [索取号:K240.7/3] 在馆    
7 0066295   001894935   密集书库/ [索取号:K240.7/3] 在馆    
8 0066296   001894971   密集书库/ [索取号:K240.7/3] 在馆    
9 0066297   000639580   第二借阅区/ [索取号:K240.7/3] 在馆    
10 0066298   001888853   密集书库/ [索取号:K240.7/3] 在馆    
11 0177072   001869785   密集书库/ [索取号:K240.7/3] 在馆    
12 0215657   000639606   第二借阅区/ [索取号:K240.7/3] 在馆    
13 1050610   210506102   王士立赠书/ [索取号:K240.7/3] 在馆    
唐山师范学院图书馆 欢迎您!
大连网信软件有限公司© 版权所有